Statistics for 50 Largest U.S. Cities By Population

Click here to take the quiz!

General Stats

  • This quiz has been taken 635 times
  • The average score is 44 of 50

Answer Stats

StatePopulationCity% Correct
California3,976,322Los Angeles
100%
New York8,537,673New York City
100%
Illinois2,704,958Chicago
99%
Texas1,317,929Dallas
98%
Texas2,303,482Houston
98%
Arizona1,615,017Phoenix
98%
Pennsylvania1,567,872Philadelphia
97%
California870,887San Francisco
97%
Massachusetts673,184Boston
96%
Nevada632,912Las Vegas
96%
Florida453,579Miami
96%
Washington704,352Seattle
96%
District of Columbia681,170Washington D.C.
96%
Texas947,890Austin
95%
Colorado693,060Denver
95%
Michigan672,795Detroit
95%
Indiana855,164Indianapolis
95%
Califronia1,406,630San Diego
95%
Georgia472,522Atlanta
94%
Oklahoma638,367Oklahoma City
94%
Oregon639,863Portland
93%
Missouri481,420Kansas City
92%
Tenessee660,388Nashville
92%
Lousiana391,495New Orleans
90%
Maryland614,664Baltimore
89%
North Carolina842,051Charlotte
89%
Ohio860,090Columbus
89%
Florida880,619Jacksonville
89%
Tenessee652,717Memphis
89%
Minnesota413,651Minneapolis
89%
Texas1,492,510San Antonio
89%
California495,234Sacramento
88%
Californa1,025,350San Jose
88%
Texas683,080El Paso
84%
Wisconsin595,047Milwaukee
84%
New Mexico559,277Albuquerque
81%
North Carolina458,880Raleigh
81%
Texas854,113Fort Worth
80%
Kentucky616,261Louisville
79%
Nebraska446,970Omaha
77%
Arizona530,706Tucson
77%
Colorado465,101Colorado Springs
75%
California522,053Fresno
74%
Oklahoma403090Tulsa
73%
Virginia452,602Virginia Beach
73%
Californa420,005Oakland
69%
Kansas389,902Wichita
69%
Arizona484,587Mesa
66%
California470,130Long Beach
64%
Texas392,772Arlington
52%

Score Distribution

Percentile by Number Answered

Percent of People with Each Score

Your Score History

You have not taken this quiz